000 00581nam a2200217 4500
003 OSt
005 20260530115255.0
008 260506b |||||||| |||| 00| 0 eng d
020 _a9728396066
040 _aICI
_bspa
_cICI
050 _aT395.5.E9
_bL57
100 1 _aParque Expo SA de CV
_930259
245 1 0 _aUn año antes EXPO'98 LISBOA
264 1 _bParque Expo SA de CV
_c1997
_aLisboa
300 _a64 páginas
336 _atexto
_2rdacontent
337 _asin medio
_2rdamedia
338 _avolumen
_2rdacarrier
500 _aFOTOGRAFíAS aéreas
942 _2ddc
_cBK
_n1
999 _c12530
_d12530